1340 1132 1705 1722 1929 1354 1195 1743 1043 1070 1620 1877 1283 1484 1908 1950 1692 1588 1671 1830 1247 1998 1139 1737 1861 1238 1472 1153 1907 1398 1245 1061 1430 1334 1960 1699 1347 1649 1436 1669 1194 1777 1020 1421 1567 1741 1167 1750 1452 1697 1247 1618 1092 1080 1653 1824 1656 1513 1530 1604 1754 1910 1147 1518 1744 1009 1611 1586 1894 1231 1416 1393 1655 1749 1841 1282 1697 1516 1853 1443 1249 1588 1079 1564 1841 1519 1850 1327 1820 1691 1428 1255 1166 1970 1805 1615 1865 1915 1377 BCNSPRNW ULIB Ver.6.0+V

เปลี่ยนเป็นภาษาไทย

Change to English
 แสดงรายละเอียดบรรณานุกรม
  กลับหน้าหลัก

Brief Record : Get Marc (ISO 2709) : E-mail record : QR code < ปิดหน้าต่าง
LEADER : 00000nam 2200000uu 4500
001    13399120013
003     ULIB
008    020711s2551 th a 000 0 tha d
020    9789741023967
100    Robert Winston
245    What Makes Me Me? /^cRobert Winston
260    กรุงเทพฯ :^bนานมีบุ๊ค,^c2551
300    96 หน้า หน้า
650    ร่างกาย^xความรู้
700    ฤชวี ฉัตรวิริยาวงศ์,^eแปล
945    ^p285^l0^i15512
999    ^aทศพร เกษรทอง
รายการนี้ยังไม่มีแท็ก
คุณยังไม่ได้ล็อกอิน คุณสามารถมีกิจกรรมร่วมกับเว็บไซต์ได้ แต่ต้องล็อกอินก่อน ::
  ล็อกอิน

รายการสื่อสารสนเทศ

ลำดับที่ ประเภท เลขเรียก/บาร์โค้ด สถานที่ สถานะ
- ไม่พบข้อมูล -

รายการใกล้เคียง
    ผู้แต่ง [Robert Winston]

BibComment


ยังไม่เคยถูกคอมเมนท์

คอมเมนท์ทรัพยากรรายการนี้
  คอมเมนท์: What Makes Me Me ..


 Copyright 2026. Bcnsprnw @Library